000 01388nam a2200253Ia 4500
999 _c53229
_d53229
001 20270
003 GE_BSU
005 20200729225617.0
008 181216s1982||||ge |||||||||||||| ||geo||
040 _cGE_BSU
041 _ageo
080 _a811.353.1(072)-37 რ-21
100 _aრამიშვილი, ვალერიან
_91173
245 _aგანმავითარებელი სწავლების პრობლემატიკა დედა ენაში /
_cვალერიან რამიშვილი.
250 _a.
264 _aთბილისი :
_bთბილ. უნ-ტის გამ-ბა,
_c1982.
300 _a91 გვ. ;
_c20 სმ
541 _h90თ.
653 _aგანმავითარებელი სწავლების პრობლემატიკა დედა ენაში
653 _aქართული ენა
653 _aქართული ენის სწავლების მეთოდიკა
710 _aსაქართველოს სსრ უმაღლესი და საშუალო სპეციალური განათლების სამინისტრო
_b უმაღლესი განათლების სამეცნიერო კაბინეტი
_99081
942 _cBK
_2udc